| 000 | 00682nam a2200217 4500 | ||
|---|---|---|---|
| 001 | 46298 | ||
| 090 | _a46298 | ||
| 100 | _a20150225d2015 m y0pory50030103ba | ||
| 101 | 1 | _apor | |
| 102 | _aPT | ||
| 200 | 1 |
_aHerança de gelo _fNora Roberts _gtrad. Carla Ferraz _d[Trilogia da Herança] |
|
| 210 | 9 |
_aParede _cchá das Cinco _d2007 |
|
| 215 | _a317 p. | ||
| 225 | 2 | _aTrilogia da Herança | |
| 304 | _aTít. orig.: Born in ice | ||
| 675 |
_a821.111(73)-31"19/20" _vBN _zpor |
||
| 700 | 1 |
_aRoberts, _bNora, |
|
| 702 | 1 |
_aFerraz, _bCarla Maria Morais _4730 |
|
| 801 | 0 |
_aPT _bBN _gRPC |
|
| 856 | 4 | 1 | _uhttp://rnod.bnportugal.gov.pt/ImagesBN/winlibimg.aspx?skey=&doc=1898651&img=57549&save=true |
| 990 | _cLIVROS | ||